[Event "Titled Tuesday intern op 02nd May Late"]
[Site "Chess.com INT"]
[Date "2023.05.02"]
[Round "4"]
[White "Dobrin, Ionut Alexandru"]
[Black "Vaglio Munoz, Jaime"]
[Result "0-1"]
[WhiteElo "2114"]
[BlackElo "2174"]
[PlyCount "56"]
[EventDate "2023.05.02"]
[EventType "swiss (blitz)"]
[EventRounds "11"]
[EventCountry "USA"]
[SourceTitle "EXT 2024"]
[Source "ChessBase"]
[SourceDate "2023.10.10"]
[SourceVersion "1"]
[SourceVersionDate "2023.10.10"]
[SourceQuality "1"]

1. d4 c6 2. c4 b5 3. cxb5 cxb5 4. e4 Bb7 5. Bd3 Nf6 6. Nd2 Nc6 7. Ngf3 a6 8. 0-0 e6 9. a4 b4 10. Re1 Be7 11. Nc4 d5 12. exd5 Nxd5 13. Bd2 0-0 14. Qe2 Bf6 15. Rad1 g6 16. Nce5 Nxe5 17. dxe5 Bg7 18. h4 h5 19. Ng5 a5 20. g3 Qb6 21. Kh2 Rad8 22. g4 hxg4 23. Qxg4 Ne7 24. Be3 Qc7 25. f4 Rxd3 26. Rxd3 Nf5 27. Rd2 Qc6 28. Bg1 Qh1# 0-1

[Event "ROM-chT"]
[Site "Mamaia"]
[Date "2021.10.07"]
[Round "7.2"]
[White "Dobrin, Ionut Alexandru"]
[Black "Rogozenco, Dorian"]
[Result "0-1"]
[WhiteElo "2057"]
[BlackElo "2466"]
[PlyCount "134"]
[EventDate "2021.10.02"]
[EventType "team-tourn"]
[EventRounds "11"]
[EventCountry "ROU"]
[SourceTitle "CBM 204 Extra"]
[Source "ChessBase"]
[SourceDate "2021.11.30"]
[SourceVersion "1"]
[SourceVersionDate "2021.11.30"]
[SourceQuality "1"]
[WhiteTeam "Urziceni Viitorul"]
[BlackTeam "Timisoara Medicina"]
[WhiteTeamCountry "ROU"]
[BlackTeamCountry "ROU"]

1. d4 d6 2. Nf3 Nd7 3. c4 e5 4. e4 g6 5. Nc3 Bg7 6. Be2 c6 7. d5 c5 8. Be3 Bh6 9. Bxh6 Nxh6 10. Qd2 Ng8 11. h4 h6 12. h5 g5 13. Nh2 Nb6 14. g4 Qf6 15. 0-0 Qf4 16. Qxf4 exf4 17. a3 Nf6 18. b4 Nbd7 19. f3 Ke7 20. Na4 b6 21. Rfb1 Ne5 22. Nf1 Bd7 23. Nc3 Rhb8 24. Nd2 Kd8 25. Rb2 Kc7 26. Rab1 a5 27. bxc5 dxc5 28. d6+ Kxd6 29. Rxb6+ Rxb6 30. Rxb6+ Bc6 31. Nd5 Nfd7 32. Rb2 Ra7 33. Kf1 Ra8 34. Ke1 Nf8 35. Nc3 Ne6 36. Nb5+ Ke7 37. a4 Rb8 38. Nb3 Ra8 39. Rd2 Bxb5 40. cxb5 c4 41. Nc1 Rd8 42. Rxd8 Kxd8 43. Na2 Nd4 44. Kf2 Kc7 45. Nc3 Kd6 46. Nd5 Kc5 47. Bd1 Nd3+ 48. Kf1 Nb2 49. Ke1 Nxd1 50. Kxd1 Nxf3 51. b6 Kc6 52. Ne7+ Kxb6 53. Nf5 Ne5 54. Nxh6 Kc5 55. Nf5 Nxg4 56. Kd2 Nf6 57. h6 Nxe4+ 58. Kc2 Nf6 59. Kc3 g4 60. Nh4 g3 61. Nf3 g2 62. Ng1 Ne4+ 63. Kc2 Ng5 64. Kb2 f3 65. Nxf3 Nxf3 66. h7 g1Q 67. h8Q Qd4+ 0-1

[Event "ROM-chT"]
[Site "Mamaia"]
[Date "2021.10.07"]
[Round "8.3"]
[White "Dobrin, Ionut Alexandru"]
[Black "Voiteanu, Christian Gabriel"]
[Result "1/2-1/2"]
[WhiteElo "2057"]
[BlackElo "2136"]
[PlyCount "117"]
[EventDate "2021.10.02"]
[EventType "team-tourn"]
[EventRounds "11"]
[EventCountry "ROU"]
[SourceTitle "CBM 204 Extra"]
[Source "ChessBase"]
[SourceDate "2021.11.30"]
[SourceVersion "1"]
[SourceVersionDate "2021.11.30"]
[SourceQuality "1"]
[WhiteTeam "Urziceni Viitorul"]
[BlackTeam "Targoviste"]
[WhiteTeamCountry "ROU"]
[BlackTeamCountry "ROU"]

1. d4 d5 2. c4 c6 3. cxd5 cxd5 4. Bf4 Nc6 5. e3 Nf6 6. Nc3 Bf5 7. Qb3 Na5 8. Qa4+ Bd7 9. Qc2 Rc8 10. Nf3 e6 11. Bd3 Nc4 12. 0-0 b5 13. a3 a5 14. Qe2 Be7 15. h3 Qb6 16. Ne5 0-0 17. Rfb1 Rfd8 18. Nxd7 Rxd7 19. a4 bxa4 20. Rxa4 Bb4 21. Na2 Bd6 22. Bxc4 dxc4 23. Bxd6 Rxd6 24. Rxc4 Rb8 25. Nc3 h6 26. Na4 Qb3 27. Nc5 Qb5 28. Qc2 Nd5 29. Nd3 Rdd8 30. Ra1 Qb6 31. Qa4 Qb3 32. Ra3 Qxa4 33. Rcxa4 Nb6 34. Rxa5 Nc4 35. b4 Nxa3 36. Rxa3 Rdc8 37. Rb3 Rc4 38. b5 Rc7 39. Nc5 Rb6 40. Na4 Rc1+ 41. Kh2 Rb8 42. b6 Rc6 43. b7 Kf8 44. Nc5 Ke7 45. Kg3 Kd6 46. Ra3 Rxc5 47. dxc5+ Kxc5 48. Rb3 Kc6 49. Kf4 Rxb7 50. Rxb7 Kxb7 51. Ke5 Kc6 52. h4 Kd7 53. h5 Ke7 54. f4 Kd7 55. e4 Ke7 56. Kd4 Kf6 57. Ke3 e5 58. g3 Ke6 59. Kd3 1/2-1/2

[Event "ROM-chT"]
[Site "Mamaia"]
[Date "2021.10.06"]
[Round "6.4"]
[White "Dobrin, Ionut Alexandru"]
[Black "Secheres, Adrian Simion"]
[Result "0-1"]
[WhiteElo "2057"]
[BlackElo "2368"]
[PlyCount "120"]
[EventDate "2021.10.02"]
[EventType "team-tourn"]
[EventRounds "11"]
[EventCountry "ROU"]
[SourceTitle "CBM 204 Extra"]
[Source "ChessBase"]
[SourceDate "2021.11.30"]
[SourceVersion "1"]
[SourceVersionDate "2021.11.30"]
[SourceQuality "1"]
[WhiteTeam "Urziceni Viitorul"]
[BlackTeam "Timisoara Vest Univ"]
[WhiteTeamCountry "ROU"]
[BlackTeamCountry "ROU"]

1. d4 Nf6 2. c4 g6 3. Nc3 Bg7 4. e4 d6 5. Nf3 0-0 6. Be2 Na6 7. 0-0 e5 8. Be3 exd4 9. Nxd4 Re8 10. f3 c6 11. Bf2 Nc7 12. Qd2 d5 13. exd5 cxd5 14. c5 Bd7 15. Rfd1 a6 16. b4 Nh5 17. Rac1 Qf6 18. g3 Rad8 19. f4 Bh6 20. Rb1 Bh3 21. Bf3 Ng7 22. Re1 g5 23. fxg5 Bxg5 24. Qd3 Nge6 25. Rbd1 Bh6 26. Bg2 Bxg2 27. Kxg2 Bg7 28. Bg1 Qg5 29. Rf1 Nxd4 30. Bxd4 Bxd4 31. Qxd4 Re5 32. Rf3 Ne6 33. Qf2 Qh5 34. Re1 Re8 35. Rxe5 Qxe5 36. Nd1 d4 37. Kf1 Qe4 38. h4 Qb1 39. Qd2 Rd8 40. Kg2 a5 41. bxa5 Rc8 42. Nf2 Rxc5 43. Qe2 Rxa5 44. Rf6 Qxa2 45. Qg4+ Kf8 46. Kh3 Qd5 47. Ne4 d3 48. Qf3 Qd7 49. g4 d2 50. Nxd2 Qxd2 51. Rxf7+ Kg8 52. Re7 Nf4+ 53. Kg3 Qd6 54. Rxb7 Ra3 55. Rb8+ Kg7 56. Rb7+ Kg6 57. Qxa3 Qxa3+ 58. Kxf4 Qd6+ 59. Ke3 Qe5+ 60. Kf2 Qf4+ 0-1

[Event "ROM-ch U18"]
[Site "Mamaia"]
[Date "2021.04.10"]
[Round "5"]
[White "Isfan, Ioan Marius"]
[Black "Dobrin, Ionut Alexandru"]
[Result "0-1"]
[WhiteElo "2263"]
[BlackElo "2054"]
[PlyCount "96"]
[EventDate "2021.04.07"]
[EventType "swiss"]
[EventRounds "9"]
[EventCountry "ROU"]
[SourceTitle "EXT 2022"]
[Source "ChessBase"]
[SourceDate "2021.10.06"]
[SourceVersion "1"]
[SourceVersionDate "2021.10.06"]
[SourceQuality "1"]

1. d4 Nf6 2. Nf3 g6 3. c4 Bg7 4. Nc3 d6 5. Bg5 0-0 6. e3 Nbd7 7. Be2 Re8 8. Qc2 e5 9. dxe5 Nxe5 10. 0-0 Bd7 11. Rfd1 Qc8 12. Nd5 Bf5 13. Qb3 Nxd5 14. cxd5 c5 15. dxc6 bxc6 16. Rxd6 Rb8 17. Qa4 Rxb2 18. Ba6 Qb8 19. Rad1 Bc2 20. Qa5 Bxd1 21. Rxd1 Rb1 22. Qe1 Nxf3+ 23. gxf3 Rxd1 24. Qxd1 Qe5 25. Bf4 Qa1 26. Qxa1 Bxa1 27. Bd6 Rd8 28. Bb4 Be5 29. f4 Bd6 30. Bc3 Bc5 31. Be2 Rb8 32. Bd3 Bb4 33. Be5 Rd8 34. Bc4 a5 35. Bb3 Ra8 36. Ba4 c5 37. Bb3 a4 38. Bc4 Rd8 39. Bb5 a3 40. Kg2 Rd2 41. Bc4 Rc2 42. Bb3 Rc1 43. Bd5 c4 44. Kg3 Rc2 45. Kg4 c3 46. Kg5 Be7+ 47. Kg4 Rxa2 48. Bxc3 Rxf2 0-1

[Event "ROM-ch U18"]
[Site "Mamaia"]
[Date "2021.04.07"]
[Round "1"]
[White "Tablan, Matei Christian"]
[Black "Dobrin, Ionut Alexandru"]
[Result "0-1"]
[WhiteElo "1892"]
[BlackElo "2054"]
[PlyCount "86"]
[EventDate "2021.04.07"]
[EventType "swiss"]
[EventRounds "9"]
[EventCountry "ROU"]
[SourceTitle "EXT 2022"]
[Source "ChessBase"]
[SourceDate "2021.10.06"]
[SourceVersion "1"]
[SourceVersionDate "2021.10.06"]
[SourceQuality "1"]

1. d4 Nf6 2. Nf3 g6 3. e3 Bg7 4. Bd3 d6 5. 0-0 0-0 6. Nbd2 Nbd7 7. c3 e5 8. e4 Re8 9. Re1 d5 10. dxe5 Nxe5 11. Nxe5 Rxe5 12. f4 Re8 13. e5 Ng4 14. h3 Nh6 15. Nf3 Nf5 16. Nd4 Nxd4 17. cxd4 f6 18. Be3 c5 19. Bb5 Re6 20. Kh1 Rb6 21. Qe2 a6 22. Bd3 c4 23. Bb1 f5 24. Bc1 Be6 25. Bc2 Bf8 26. Rb1 Rc6 27. Bd2 b5 28. Rg1 b4 29. Be1 Qb6 30. Rd1 b3 31. axb3 cxb3 32. Bb1 Rac8 33. g4 Rc2 34. Qd3 fxg4 35. hxg4 Rxb2 36. Bc3 Rf2 37. f5 Qd8 38. Rg2 Qh4+ 39. Kg1 Rxg2+ 40. Kxg2 Qxg4+ 41. Kh2 Bxf5 42. Qxa6 Rxc3 43. Bxf5 Rh3# 0-1

[Event "Arad op 13th"]
[Site "Arad"]
[Date "2020.09.30"]
[Round "8"]
[White "Istratescu, Andrei"]
[Black "Dobrin, Ionut Alexandru"]
[Result "1-0"]
[WhiteElo "2551"]
[BlackElo "2040"]
[PlyCount "63"]
[EventDate "2020.09.25"]
[EventType "swiss"]
[EventRounds "9"]
[EventCountry "ROU"]
[SourceTitle "CBM 198 Extra"]
[Source "ChessBase"]
[SourceDate "2020.11.30"]
[SourceVersion "1"]
[SourceVersionDate "2020.11.30"]
[SourceQuality "1"]

1. d4 Nf6 2. c4 g6 3. Nc3 Bg7 4. e4 d6 5. h3 0-0 6. Be3 e5 7. d5 Ne8 8. g4 f5 9. gxf5 gxf5 10. exf5 Bxf5 11. Nge2 Nd7 12. Ng3 e4 13. Be2 Ne5 14. Nxf5 Rxf5 15. Nxe4 Qh4 16. Bg4 Nf6 17. Bxf5 Nxe4 18. Qe2 Rf8 19. Bxe4 Qxe4 20. 0-0-0 Nf3 21. Qc2 Qe5 22. Kb1 b5 23. cxb5 Rb8 24. a4 a6 25. Rd3 axb5 26. Rb3 Ra8 27. Rxb5 Nd4 28. Bxd4 Qxd4 29. Rg1 Re8 30. Rg4 Qe5 31. Qxc7 Qf5+ 32. Ka2 1-0

[Event "Arad op 13th"]
[Site "Arad"]
[Date "2020.09.27"]
[Round "3"]
[White "Dobrin, Ionut Alexandru"]
[Black "Ghimpu, Samuel Timotei"]
[Result "0-1"]
[WhiteElo "2040"]
[BlackElo "2302"]
[PlyCount "90"]
[EventDate "2020.09.25"]
[EventType "swiss"]
[EventRounds "9"]
[EventCountry "ROU"]
[SourceTitle "CBM 198 Extra"]
[Source "ChessBase"]
[SourceDate "2020.11.30"]
[SourceVersion "1"]
[SourceVersionDate "2020.11.30"]
[SourceQuality "1"]

1. d4 Nf6 2. c4 g6 3. Nc3 d5 4. Bg5 Ne4 5. Bh4 Nxc3 6. bxc3 dxc4 7. e3 Be6 8. Nf3 Bg7 9. Qb1 b6 10. Be2 0-0 11. 0-0 c5 12. Ng5 Bd5 13. e4 Bb7 14. Bxc4 cxd4 15. Qb3 Qe8 16. cxd4 Nc6 17. Rad1 Nxd4 18. Qa3 e6 19. Qe3 b5 20. Bb3 Nxb3 21. axb3 h6 22. Nf3 f5 23. Bg3 Bxe4 24. Bd6 Rf7 25. Ne5 Rb7 26. Rc1 Rd8 27. Rfd1 Rxd6 28. Rxd6 Bxe5 29. Ra6 g5 30. g3 Qd7 31. h4 Rc7 32. hxg5 Qd3 33. Qxd3 Rxc1+ 34. Qf1 Rxf1+ 35. Kxf1 Bd5 36. gxh6 Kh7 37. Rxa7+ Kxh6 38. Ra3 b4 39. Ra5 Bc3 40. Ke2 Bxb3 41. Kd3 Bd5 42. Ra7 Be1 43. Ke2 b3 44. Ra1 Bc3 45. Rb1 b2 0-1

[Event "ROM-chT"]
[Site "Mamaia"]
[Date "2019.09.26"]
[Round "6.2"]
[White "Nevednichy, Vladislav"]
[Black "Dobrin, Ionut Alexandru"]
[Result "1-0"]
[WhiteElo "2522"]
[BlackElo "2089"]
[PlyCount "77"]
[EventDate "2019.09.21"]
[EventType "team-tourn"]
[EventRounds "9"]
[EventCountry "ROU"]
[SourceTitle "EXT 2020"]
[Source "ChessBase"]
[SourceDate "2019.10.17"]
[SourceVersion "1"]
[SourceVersionDate "2019.10.17"]
[SourceQuality "1"]
[WhiteTeam "Iasi Politehnica"]
[BlackTeam "Galati Acs Pro Logos"]
[WhiteTeamCountry "ROU"]
[BlackTeamCountry "ROU"]

1. e4 c5 2. Na3 e6 3. c3 d5 4. e5 Nc6 5. Nf3 Qb6 6. Nc2 Bd7 7. d4 f6 8. Bd3 0-0-0 9. 0-0 cxd4 10. cxd4 Nge7 11. b4 Ng6 12. b5 Nb4 13. Nxb4 Bxb4 14. Qb3 Be7 15. a4 a5 16. Bxg6 hxg6 17. Qc2+ Kb8 18. Qxg6 Rdf8 19. Ba3 Qd8 20. Qxg7 Bxa3 21. Rxa3 Rhg8 22. Qh6 Qe7 23. Rfa1 Rh8 24. Qd2 b6 25. exf6 Rxf6 26. Ne5 Rfh6 27. h3 Rf6 28. Rc3 Kb7 29. Qg5 Rhf8 30. Rac1 Be8 31. Ng4 R6f7 32. Qe5 Qd7 33. Rc6 Qd8 34. R6c3 Re7 35. Rc8 Qxc8 36. Rxc8 Kxc8 37. Qd6 Rff7 38. Ne5 Rg7 39. Qxb6 1-0

[Event "ROM-chT"]
[Site "Mamaia"]
[Date "2019.09.24"]
[Round "4.1"]
[White "Anton, Teodor"]
[Black "Dobrin, Ionut Alexandru"]
[Result "1-0"]
[WhiteElo "2445"]
[BlackElo "2089"]
[PlyCount "111"]
[EventDate "2019.09.21"]
[EventType "team-tourn"]
[EventRounds "9"]
[EventCountry "ROU"]
[SourceTitle "EXT 2020"]
[Source "ChessBase"]
[SourceDate "2019.10.17"]
[SourceVersion "1"]
[SourceVersionDate "2019.10.17"]
[SourceQuality "1"]
[WhiteTeam "Timisoara Medicina"]
[BlackTeam "Galati Acs Pro Logos"]
[WhiteTeamCountry "ROU"]
[BlackTeamCountry "ROU"]

1. d4 Nf6 2. c4 c5 3. d5 b5 4. cxb5 a6 5. b6 d6 6. Nc3 Nbd7 7. Nf3 g6 8. e4 Bg7 9. a4 a5 10. Bb5 0-0 11. 0-0 Bb7 12. Re1 Nxb6 13. Bf4 Ne8 14. Qd2 Nc7 15. Bh6 e6 16. Bxg7 Kxg7 17. dxe6 fxe6 18. Rad1 Nc8 19. Ne5 Qh4 20. Nc6 Nxb5 21. axb5 Bxc6 22. bxc6 Ra6 23. c7 Qe7 24. Nb5 Rb6 25. Qxa5 Qd7 26. Na3 Rc6 27. Nc4 Rxc7 28. Re3 Qe7 29. Red3 Rd8 30. Qd2 Rb7 31. h3 Rbd7 32. Ne5 Rc7 33. Ng4 Rf8 34. Qc3+ Kf7 35. Nf6 Qxf6 36. Rf3 Qxf3 37. Qxf3+ Kg8 38. Qc3 Rd7 39. e5 Rf5 40. g4 Rxe5 41. Qxe5 dxe5 42. Rxd7 Nb6 43. Rc7 Nc4 44. Rxc5 Nxb2 45. Rxe5 Kf7 46. Rb5 Nd3 47. Rb7+ Kg8 48. Kg2 g5 49. Kg3 Kh8 50. Re7 e5 51. f3 Kg8 52. h4 gxh4+ 53. Kxh4 Nf4 54. Kg5 Ng6 55. Ra7 Nf4 56. Kf6 1-0

[Event "Arad op 12th"]
[Site "Arad"]
[Date "2019.07.31"]
[Round "9"]
[White "Dobrin, Ionut Alexandru"]
[Black "Turlea, Constantin"]
[Result "1-0"]
[WhiteElo "2142"]
[BlackElo "1938"]
[PlyCount "83"]
[EventDate "2019.07.24"]
[EventType "swiss"]
[EventRounds "9"]
[EventCountry "ROU"]
[SourceTitle "CBM 191 Extra"]
[Source "ChessBase"]
[SourceDate "2019.09.30"]
[SourceVersion "1"]
[SourceVersionDate "2019.09.30"]
[SourceQuality "1"]

1. d4 Nf6 2. c4 g6 3. Nc3 Bg7 4. e4 d6 5. f3 0-0 6. Bg5 c5 7. d5 e6 8. Qd2 exd5 9. cxd5 h6 10. Be3 h5 11. Bd3 Re8 12. Nge2 a6 13. a4 Nbd7 14. 0-0 Rb8 15. Rfb1 Ne5 16. b4 Nxd3 17. Qxd3 Nd7 18. bxc5 Nxc5 19. Bxc5 dxc5 20. Ra2 Bd7 21. a5 Qc7 22. Qc4 Be5 23. g3 h4 24. f4 Bg7 25. Rb6 hxg3 26. hxg3 Qc8 27. e5 Bf5 28. Ne4 Bxe4 29. Qxe4 Qg4 30. e6 fxe6 31. dxe6 Rbd8 32. e7 Rd1+ 33. Kg2 Qh5 34. Ng1 Rxe7 35. Qxe7 Qd5+ 36. Kh3 Qxa2 37. Qe8+ Kh7 38. Qxg6+ Kg8 39. Qe8+ Kh7 40. Qh5+ Kg8 41. Qxd1 Qxa5 42. Qd8+ 1-0

[Event "Arad op 12th"]
[Site "Arad"]
[Date "2019.07.25"]
[Round "3"]
[White "Dobrin, Ionut Alexandru"]
[Black "Magold, Filip"]
[Result "0-1"]
[WhiteElo "2142"]
[BlackElo "1865"]
[PlyCount "128"]
[EventDate "2019.07.24"]
[EventType "swiss"]
[EventRounds "9"]
[EventCountry "ROU"]
[SourceTitle "CBM 191 Extra"]
[Source "ChessBase"]
[SourceDate "2019.09.30"]
[SourceVersion "1"]
[SourceVersionDate "2019.09.30"]
[SourceQuality "1"]

1. d4 Nf6 2. c4 e6 3. Nc3 Bb4 4. f3 c5 5. a3 Bxc3+ 6. bxc3 0-0 7. e4 d6 8. Bd3 Nc6 9. Ne2 b6 10. d5 Na5 11. Ng3 Ba6 12. Qe2 Re8 13. 0-0 exd5 14. cxd5 c4 15. Bc2 Nxd5 16. Qd2 Nf6 17. Nf5 Re6 18. Rd1 Qc7 19. Qg5 Ne8 20. Bf4 h6 21. Qh4 Nb3 22. Rab1 Nc5 23. Nd4 Rf6 24. Be3 Nd3 25. Nb5 Bxb5 26. Rxb5 Qc6 27. Rh5 Rg6 28. Bd4 Nc7 29. Bxd3 cxd3 30. Rxd3 Qa4 31. Qe1 Qxa3 32. Bf2 Ne6 33. Bg3 Rc8 34. Bxd6 Qb2 35. Bg3 Nc5 36. Rd2 Qb3 37. Rhd5 a5 38. Qa1 Ne6 39. Be5 Qc4 40. Rd6 Qc5+ 41. Kh1 Qxe5 42. Rxb6 Qxc3 43. Qxc3 Rxc3 44. h4 Nf4 45. Rb8+ Kh7 46. Rb7 Rf6 47. Ra2 Rc5 48. Ra7 Ng6 49. h5 Rxh5+ 50. Kg1 Rc5 51. R7xa5 Rxa5 52. Rxa5 Rd6 53. Ra7 f6 54. Kh2 Rd2 55. Kg3 Ne5 56. f4 Rd3+ 57. Kh4 Ng6+ 58. Kg4 h5+ 59. Kf5 Nh4+ 60. Ke6 Nxg2 61. Kf5 Rf3 62. e5 Rxf4+ 63. Ke6 Re4 64. Kf5 Rxe5# 0-1

[Event "ROM-chT2"]
[Site "Gilau"]
[Date "2018.10.12"]
[Round "6.4"]
[White "Zaim, Marian"]
[Black "Dobrin, Ionut Alexandru"]
[Result "1/2-1/2"]
[WhiteElo "2048"]
[BlackElo "2089"]
[PlyCount "68"]
[EventDate "2018.10.07"]
[EventType "team-swiss"]
[EventRounds "9"]
[EventCountry "ROU"]
[SourceTitle "CBM 187 Extra"]
[Source "ChessBase"]
[SourceDate "2018.11.04"]
[SourceVersion "1"]
[SourceVersionDate "2018.11.04"]
[SourceQuality "1"]
[WhiteTeam "Resita Muncitorul"]
[BlackTeam "Galati Smart"]
[WhiteTeamCountry "ROU"]
[BlackTeamCountry "ROU"]

1. c4 e6 2. Nf3 d5 3. g3 Nf6 4. Bg2 Be7 5. 0-0 c5 6. cxd5 exd5 7. d4 0-0 8. dxc5 Na6 9. Nbd2 Nxc5 10. Nb3 b6 11. Nbd4 Bb7 12. Nf5 Re8 13. Nxe7+ Qxe7 14. Nd4 Ba6 15. Bf3 Rac8 16. Bf4 Nce4 17. Qa4 Rc4 18. Qxa6 Rxd4 19. Be3 Rb4 20. Qa3 d4 21. Bc1 a5 22. Qd3 Rc8 23. a3 Rbc4 24. Bf4 g5 25. Rac1 b5 26. Bd2 h6 27. Rcd1 Qe5 28. Bxe4 Nxe4 29. Bxa5 Nc5 30. Qf3 Rc2 31. Rd2 Ne4 32. Rxc2 Rxc2 33. Rb1 Nf6 34. Kf1 Qe6 1/2-1/2

[Event "Arad op 11th"]
[Site "Arad"]
[Date "2018.08.10"]
[Round "7"]
[White "Dobrin, Ionut Alexandru"]
[Black "Martian, Dragos Daniel"]
[Result "0-1"]
[WhiteElo "1889"]
[BlackElo "2223"]
[PlyCount "72"]
[EventDate "2018.08.05"]
[EventType "swiss"]
[EventRounds "9"]
[EventCountry "ROU"]
[SourceTitle "CBM 185 Extra"]
[Source "ChessBase"]
[SourceDate "2018.07.29"]
[SourceVersion "1"]
[SourceVersionDate "2018.07.29"]
[SourceQuality "1"]

1. d4 Nf6 2. c4 e6 3. Nc3 Bb4 4. f3 c5 5. a3 Bxc3+ 6. bxc3 b6 7. e4 d6 8. Bg5 Nc6 9. Ne2 0-0 10. g4 Ba6 11. Ng3 cxd4 12. Nh5 e5 13. Bxf6 gxf6 14. Qd2 Kh8 15. Qh6 Rg8 16. Nxf6 Rg7 17. Rg1 Ne7 18. cxd4 exd4 19. Rg3 Ng8 20. Nxg8 Kxg8 21. Rd1 Rg6 22. Qh5 Rc8 23. Rh3 h6 24. f4 Rc5 25. f5 Qe7 26. Rxd4 Qf6 27. Rd1 Bxc4 28. Bxc4 Rxc4 29. Re3 Rg5 30. Qh3 h5 31. gxh5 Rg1+ 32. Ke2 Rc2+ 33. Rd2 Rxd2+ 34. Kxd2 Qb2+ 35. Kd3 Rd1+ 36. Kc4 Rd4# 0-1

[Event "Arad op 11th"]
[Site "Arad"]
[Date "2018.08.05"]
[Round "1"]
[White "Miron, Lucian Costin"]
[Black "Dobrin, Ionut Alexandru"]
[Result "1-0"]
[WhiteElo "2460"]
[BlackElo "1889"]
[PlyCount "61"]
[EventDate "2018.08.05"]
[EventType "swiss"]
[EventRounds "9"]
[EventCountry "ROU"]
[SourceTitle "CBM 185 Extra"]
[Source "ChessBase"]
[SourceDate "2018.07.29"]
[SourceVersion "1"]
[SourceVersionDate "2018.07.29"]
[SourceQuality "1"]

1. d4 d5 2. c4 e6 3. Nc3 Nf6 4. cxd5 exd5 5. Bg5 Be7 6. e3 0-0 7. Bd3 Nbd7 8. Qc2 Re8 9. Nge2 c6 10. 0-0 h6 11. Bh4 b6 12. f3 c5 13. Rad1 Bb7 14. Kh1 a6 15. Bf5 cxd4 16. Nxd4 Ne5 17. Bh3 g6 18. b3 b5 19. e4 b4 20. Bxf6 Bxf6 21. Nxd5 Bxd5 22. exd5 Qxd5 23. f4 Ng4 24. Bxg4 Bxd4 25. Bf3 Qd6 26. Bxa8 Rxa8 27. Qc4 Rd8 28. Rd3 Qb6 29. Rfd1 Bf6 30. Rxd8+ Bxd8 31. Qc8 1-0

[Event "EU-ch U14 26th"]
[Site "Prague"]
[Date "2016.08.19"]
[Round "2"]
[White "Dobrin, Ionut Alexandru"]
[Black "Stefansson, Vignir Vatnar"]
[Result "1/2-1/2"]
[WhiteElo "1829"]
[BlackElo "2160"]
[PlyCount "70"]
[EventDate "2016.08.18"]
[EventType "swiss"]
[EventRounds "9"]
[EventCountry "CZE"]
[SourceTitle "CBM 174 Extra"]
[Source "ChessBase"]
[SourceDate "2016.10.10"]
[SourceVersion "1"]
[SourceVersionDate "2016.10.10"]
[SourceQuality "1"]

1. d4 c5 2. d5 f5 3. c4 Nf6 4. Nc3 g6 5. Nf3 d6 6. g3 Bg7 7. Bg2 Na6 8. 0-0 0-0 9. a3 Nc7 10. Nd2 a6 11. a4 Rb8 12. a5 b6 13. axb6 Rxb6 14. Qc2 Nh5 15. e4 f4 16. Nf3 e5 17. dxe6 Bxe6 18. Nd5 Nxd5 19. cxd5 Bg4 20. Rb1 Qf6 21. b3 Qc3 22. Qxc3 Bxc3 23. Bd2 Bg7 24. Ba5 Rb5 25. Bc7 Bxf3 26. Bxf3 Be5 27. Be2 Rb4 28. Bc4 Nf6 29. Rfe1 Re8 30. gxf4 Bxf4 31. f3 g5 32. Ba5 Rbb8 33. Bc3 Nd7 34. Bxa6 Ne5 35. Bxe5 Bxe5 1/2-1/2